00699cam a2200193 a 4500020001500000040000800015082002900023100002200052245003800074260003900112300002900151500002000180520013400200650001200334650001500346650001600361856006200377856006600439 a0395672961 cDLC00a509 CLA 1998 A033 OR.aB1 aStaiger, Ralph C.10aThomas Harriot, science pioneer / aNew York :bClarion Books,cc1998. a128 p. :bill. ;c27 cm. aIncludes index. aExamines the life and studies of the sixteenth-century scholar, mathematician, explorer, optician, and astronomer, Thomas Hariot. 0aScience 0aScientists 1aScientists.42uhttp://www.loc.gov/catdir/description/hm021/96041842.html42uhttp://www.loc.gov/catdir/enhancements/fy0735/96041842-b.html